Name the constellations - Statistics

General Stats
  • This quiz has been taken 78 times
  • The average score is 27 of 88
Answer Stats
Picture Answer % Correct
Orion
92%
Gemini
82%
Ursa Minor
79%
Crux
67%
Boötes
64%
Ursa Major
64%
Draco
62%
Pegasus
62%
Hercules
59%
Hydra
59%
Pisces
59%
Cassiopeia
56%
Auriga
54%
Canis Major
54%
Corona Borealis
54%
Scorpius
54%
Cetus
51%
Cygnus
51%
Eridanus
51%
Sagittarius
51%
Virgo
51%
Leo
49%
Aquila
46%
Cancer
46%
Crater
46%
Lepus
46%
Lynx
46%
Monoceros
46%
Aries
44%
Capricornus
44%
Corvus
41%
Lyra
41%
Sagitta
41%
Libra
38%
Perseus
38%
Canis Minor
36%
Cepheus
36%
Lupus
36%
Camelopardalis
33%
Columba
33%
Corona Australis
33%
Taurus
33%
Triangulum
31%
Centaurus
28%
Leo Minor
28%
Serpens
28%
Vela
26%
Chamaeleon
23%
Delphinus
23%
Triangulum Australe
23%
Andromeda
21%
Aquarius
21%
Canes Venatici
21%
Circinus
21%
Coma Berenices
18%
Ophiuchus
18%
Reticulum
18%
Ara
15%
Dorado
15%
Volans
15%
Grus
13%
Lacerta
13%
Apus
10%
Pavo
10%
Phoenix
10%
Piscis Austrinus
10%
Pyxis
10%
Scutum
10%
Carina
8%
Hydrus
8%
Norma
8%
Octans
8%
Pictor
8%
Tucana
8%
Vulpecula
8%
Antlia
5%
Caelum
5%
Equuleus
5%
Fornax
5%
Horologium
5%
Indus
5%
Mensa
5%
Microscopium
5%
Musca
5%
Puppis
5%
Sculptor
3%
Sextans
3%
Telescopium
3%
No matching quizzes found
Score Distribution
Percent of People with Each Score
Percentile by Number Answered
Your Score History
You have not taken this quiz